Vista normal
Vista MARC
Entrada Nombre corporativo
Número de registros utilizados en: 45
001 - NÚMERO DE CONTROL
- Campo de control: 1710
003 - IDENTIFICADOR DE NÚMERO DE CONTROL
- Campo de control: ES-MaCES
005 - FECHA Y HORA DE LA ULTIMA MODIFICACION
- Campo de control: 20160712140533.0
008 - ELEMENTOS DE DATOS DE LONGITUD FIJA
- Campo de longitud fija: 021021 | azznnaabn || ana d
035 ## - NÚMERO DE CONTROL DEL SISTEMA
- Número de control del sistema: CES20020002585e
040 ## - FUENTE DE LA CATALOGACIÓN
- Agencia original de catalogación: ES-MaCES
- Idioma de catalogación: spa
- Agencia de transcripción: ES-MaCES
110 2# - ENCABEZAMIENTO--NOMBRE CORPORATIVO
- Nombre corporativo o de jurisdicción como elemento de entrada: Cambridge University
410 2# - TRAZADO VEÁSE--NOMBRE CORPORATIVO
- Nombre corporativo o de jurisdicción como elemento de entrada: Cambridge University Press
670 ## - FUENTE DE DATOS ENCONTRADOS
- Fuente de citación: Lista de autores y entidades de la red de bibliotecas del CSIC
901 ## - CES. DATOS SIRTEX
- ID Sirtex (N5N8): 0001800005464
- 005BIS Sirtex: 200210211329ALORITE

